000 00403nam a22001697a 4500
003 MPLRDC
005 20220104144152.0
008 210129b ||||| |||| 00| 0 eng d
082 _a448.86 LBS
100 _a李宝善编
245 _a高宝真放声技术
_c
250 _a一版一刷
260 _a
_b上海科学技术出版社
_c1981
300 _b
650 _a
942 _cBK
_o448.86 LBS
999 _c47025
_d47015